Statistics for Countries by languages

Click here to take the quiz!

General Stats

  • This quiz has been taken 33 times
  • The average score is 9 of 10

Answer Stats

HintAnswer% Correct
HindiIndia
100%
HebrewIsrael
96%
EnglishUSA
96%
DutchNetherlands
93%
SpanishMexico
89%
BengaliBangladesh
86%
AfrikaansSouth Africa
86%
BurmeseMyanmar
75%
PunjabiPakistan
68%
FarsiIran
61%

Score Distribution

Percentile by Number Answered

Percent of People with Each Score

Your Score History

You have not taken this quiz